| 000 | 00492nam a22001937a 4500 | ||
|---|---|---|---|
| 005 | 20260604120121.0 | ||
| 008 | 260514b |||||||| |||| 00| 0 eng d | ||
| 020 |
_a9789367136652 _c1160.00 |
||
| 040 | _aMAIN | ||
| 041 | _aEnglish | ||
| 082 |
_a005.133 _bHOR |
||
| 100 | _aHorstmann, Cay S. | ||
| 245 |
_aCore Java _b: Advanced Features |
||
| 250 | _a13th | ||
| 260 |
_aNoida _bPearson _c2025 |
||
| 300 |
_a866 _bVol. 2nd |
||
| 650 |
_aComputer Science (PM (USHA) _926808 |
||
| 942 | _cBK | ||
| 999 |
_c60798 _d60798 |
||